[Event "2. Open de Primavera de Gros"]
[Site "San Sebastián ESP"]
[Date "2006.05.27"]
[Round "4.4"]
[White "Martin Alvarez, Inigo"]
[Black "Manso Marquez, Felix"]
[Result "1-0"]
[WhiteElo "2092"]
[BlackElo "2098"]
[PlyCount "49"]
[EventDate "2006.05.06"]
[EventType "swiss"]
[EventRounds "9"]
[EventCountry "ESP"]
[Source "lmi"]
[SourceDate "2006.06.18"]

1. e4 c5 2. Nf3 e6 3. b3 d5 4. exd5 exd5 5. Bb2 Nf6 6. Bb5+ Bd7 7. Qe2+ Be7 8.
Bxf6 gxf6 9. Nc3 a6 10. Bxd7+ Qxd7 11. d4 cxd4 12. Nxd4 Nc6 13. O-O-O O-O-O 14.
Qf3 Bd6 15. Nxc6 bxc6 16. Qxf6 Rhg8 17. g3 Rde8 18. Rhe1 Qc7 19. Qf5+ Kb7 20.
Na4 f6 21. Kb1 Rg5 22. Qd3 Rge5 23. Rxe5 fxe5 24. Qe3 d4 25. Rxd4 1-0

[Event "2. Open de Primavera de Gros"]
[Site "San Sebastián ESP"]
[Date "2006.05.27"]
[Round "4.5"]
[White "Darrigues, Alain"]
[Black "Fernandez Del Pozo, Anibal"]
[Result "1-0"]
[WhiteElo "2026"]
[BlackElo "1752"]
[PlyCount "65"]
[EventDate "2006.05.06"]
[EventType "swiss"]
[EventRounds "9"]
[EventCountry "ESP"]
[Source "lmi"]
[SourceDate "2006.06.18"]

1. d4 d5 2. c4 c6 3. Nf3 Nf6 4. Nc3 dxc4 5. a4 Bf5 6. e3 e6 7. Bxc4 Nbd7 8. O-O
Qc7 9. Qe2 Ne4 10. Rd1 Bd6 11. h3 Ndf6 12. Nh4 Nxc3 13. bxc3 Ne4 14. Nxf5 Bh2+
15. Kf1 Nxc3 16. Nxg7+ Ke7 17. Ba3+ Kd8 18. Qg4 Nxd1 19. Rxd1 Bd6 20. Bxd6 Qxd6
21. Qg5+ Qe7 22. Qxe7+ Kxe7 23. Nh5 a6 24. a5 Rab8 25. Rb1 b5 26. axb6 a5 27.
b7 Rhd8 28. Nf4 Rd7 29. Ba6 Rc7 30. Nd3 Kd6 31. Nc5 Re7 32. f4 f6 33. Ne4+ 1-0

[Event "2. Open de Primavera de Gros"]
[Site "San Sebastián ESP"]
[Date "2006.05.27"]
[Round "4.6"]
[White "Kuende Gorostidi, Jon"]
[Black "Tung, Siu Hung"]
[Result "1-0"]
[WhiteElo "1851"]
[BlackElo "2003"]
[PlyCount "61"]
[EventDate "2006.05.06"]
[EventType "swiss"]
[EventRounds "9"]
[EventCountry "ESP"]
[Source "lmi"]
[SourceDate "2006.06.18"]

1. e4 d6 2. d4 g6 3. Be3 Nf6 4. Bd3 Nc6 5. c3 Bg7 6. h3 a6 7. Qd2 h5 8. f4 b5
9. Nf3 Bb7 10. d5 Nb8 11. a4 Nbd7 12. axb5 axb5 13. Rxa8 Qxa8 14. Nd4 c6 15.
Na3 cxd5 16. Ndxb5 O-O 17. Nc7 Qa5 18. Nab5 Nxe4 19. Bxe4 dxe4 20. O-O Qa2 21.
f5 Ne5 22. Bg5 Nc4 23. Qe2 f6 24. fxg6 Ne5 25. Qxh5 Nxg6 26. Qxg6 e3 27. Bxe3
Rf7 28. Nd4 e5 29. Nde6 Bc8 30. Rxf6 Bxe6 31. Nxe6 1-0

[Event "2. Open de Primavera de Gros"]
[Site "San Sebastián ESP"]
[Date "2006.05.27"]
[Round "4.7"]
[White "Hernandez, Elvis"]
[Black "Zubia Aramburu, Mikel"]
[Result "1-0"]
[WhiteElo "2289"]
[BlackElo "1922"]
[PlyCount "47"]
[EventDate "2006.05.06"]
[EventType "swiss"]
[EventRounds "9"]
[EventCountry "ESP"]
[Source "lmi"]
[SourceDate "2006.06.18"]

1. e4 c6 2. d4 d5 3. exd5 cxd5 4. c4 Nf6 5. Nc3 Nc6 6. Nf3 Bg4 7. cxd5 Bxf3 8.
Qxf3 Nxd4 9. Qd1 e5 10. dxe6 Nxe6 11. Bb5+ Nd7 12. O-O a6 13. Ba4 b5 14. Bb3
Ndc5 15. Bd5 Rc8 16. Qf3 Be7 17. Bc6+ Kf8 18. Bd5 Bf6 19. Rd1 Qc7 20. Be3 Be5
21. Rac1 Bxh2+ 22. Kh1 Bf4 23. Bxe6 Nxe6 24. Nd5 1-0

[Event "2. Open de Primavera de Gros"]
[Site "San Sebastián ESP"]
[Date "2006.05.27"]
[Round "4.8"]
[White "Izagirre Alsua, Aritz"]
[Black "Tung, Kai Ming"]
[Result "0-1"]
[WhiteElo "1716"]
[BlackElo "2065"]
[PlyCount "144"]
[EventDate "2006.05.06"]
[EventType "swiss"]
[EventRounds "9"]
[EventCountry "ESP"]
[Source "lmi"]
[SourceDate "2006.06.18"]

1. c4 c5 2. Nc3 Nc6 3. Nf3 Nf6 4. e4 e5 5. d3 a6 6. Be2 Rb8 7. a4 d6 8. h3 Be7
9. O-O Be6 10. b3 O-O 11. Nd5 Nd7 12. Nxe7+ Qxe7 13. Ng5 h6 14. Nxe6 fxe6 15.
Be3 Rf6 16. Qd2 Nf8 17. Kh2 Ng6 18. g3 Qf8 19. Bh5 Nge7 20. f4 Kh7 21. Rae1 b5
22. axb5 axb5 23. Bg4 bxc4 24. bxc4 exf4 25. gxf4 g5 26. Rf2 gxf4 27. Rxf4 Ne5
28. Bd1 N7g6 29. Rxf6 Qxf6 30. Bxh6 Nf3+ 31. Bxf3 Rb2 32. Rf1 Nf4 33. Qxb2
Qxb2+ 34. Kg3 Kxh6 35. Kxf4 Qd2+ 36. Kg3 Qxd3 37. Rd1 Qc3 38. Kf4 Qe5+ 39. Ke3
Kg5 40. h4+ Kf6 41. h5 Qg5+ 42. Ke2 Ke5 43. Rh1 Qh6 44. Rg1 Kd4 45. Rd1+ Ke5
46. Rg1 Qf4 47. Rh1 Kd4 48. Kf2 Qh6 49. Rd1+ Kxc4 50. Rxd6 Kc3 51. Rc6 Kc4 52.
Kg3 Kd4 53. Bg4 c4 54. Rxe6 Qe3+ 55. Kh4 Qf2+ 56. Kg5 c3 57. h6 c2 58. Rc6 Qe3+
59. Kh5 Qxe4 60. Rc8 Qh1+ 61. Kg6 c1=Q 62. Rxc1 Qxc1 63. h7 Qc6+ 64. Kg7 Qc7+
65. Kg8 Qd8+ 66. Kg7 Qg5+ 67. Kf8 Qh6+ 68. Kg8 Qg6+ 69. Kh8 Ke5 70. Bh5 Qg5 71.
Bg6 Kf6 72. Kg8 Qxg6+ 0-1

[Event "2. Open de Primavera de Gros"]
[Site "San Sebastián ESP"]
[Date "2006.05.27"]
[Round "4.9"]
[White "Segovia Sanchez, Antonio"]
[Black "Rodriguez Cabrera, Fco  Javier"]
[Result "1-0"]
[WhiteElo "2058"]
[BlackElo "1799"]
[PlyCount "77"]
[EventDate "2006.05.06"]
[EventType "swiss"]
[EventRounds "9"]
[EventCountry "ESP"]
[Source "lmi"]
[SourceDate "2006.06.18"]

1. d4 Nf6 2. Nf3 g6 3. Bg5 Bg7 4. Nbd2 d5 5. h3 O-O 6. e3 Bf5 7. c4 c6 8. Be2
Nbd7 9. O-O Re8 10. g4 Be6 11. Bd3 a5 12. a4 c5 13. b3 cxd4 14. exd4 b6 15. Bf4
Rc8 16. Rc1 h6 17. Qe2 Nb8 18. Bxg6 Nc6 19. Bb1 dxc4 20. Nxc4 Nxd4 21. Nxd4
Qxd4 22. Be3 Bxc4 23. Rxc4 Qe5 24. f4 Qb8 25. Bd4 Rxc4 26. Qxc4 Rd8 27. Be5 Qa7
28. Bd4 Nxg4 29. hxg4 Bxd4+ 30. Kh2 e5 31. Qc2 Rd6 32. Qc8+ Kg7 33. Qf5 Qd7 34.
Qh5 Kf8 35. Bf5 Qd8 36. Kh3 exf4 37. Rxf4 Be5 38. Rf3 Qg5 39. Be6 1-0

[Event "2. Open de Primavera de Gros"]
[Site "San Sebastián ESP"]
[Date "2006.05.27"]
[Round "4.10"]
[White "Iglesias Gonzalez, Veronica"]
[Black "Neira Garcia, Manuel"]
[Result "1/2-1/2"]
[WhiteElo "1746"]
[BlackElo "2039"]
[PlyCount "68"]
[EventDate "2006.05.06"]
[EventType "swiss"]
[EventRounds "9"]
[EventCountry "ESP"]
[Source "lmi"]
[SourceDate "2006.06.18"]

1. d4 d5 2. c4 Nc6 3. Nf3 Bg4 4. cxd5 Bxf3 5. gxf3 Qxd5 6. e3 e5 7. Nc3 Bb4 8.
Bd2 Bxc3 9. Bxc3 exd4 10. exd4 O-O-O 11. Bg2 Re8+ 12. Kf1 Nf6 13. Bh3+ Kb8 14.
Rg1 Nh5 15. Rg4 f5 16. Rg5 g6 17. Bxf5 gxf5 18. Rxh5 Rhg8 19. Qd3 Qf7 20. Rh3
h5 21. d5 Ne5 22. Bxe5 Rxe5 23. d6 Rd5 24. dxc7+ Kxc7 25. Qc4+ Kb8 26. Qf4+ Ka8
27. Rc1 Qd7 28. Rg3 Qb5+ 29. Kg2 Rgd8 30. Qc7 a6 31. Rg7 Qxb2 32. Rc2 Qb5 33.
a4 Qb1 34. Rc1 Qb2 1/2-1/2

[Event "2. Open de Primavera de Gros"]
[Site "San Sebastián ESP"]
[Date "2006.05.27"]
[Round "4.11"]
[White "Alvarado Fernandez, Mikel"]
[Black "Lazkano Gaite, Tomas"]
[Result "0-1"]
[WhiteElo "2037"]
[BlackElo "1739"]
[PlyCount "122"]
[EventDate "2006.05.06"]
[EventType "swiss"]
[EventRounds "9"]
[EventCountry "ESP"]
[Source "lmi"]
[SourceDate "2006.06.18"]

1. d4 d5 2. Bg5 c6 3. e3 Nd7 4. Nf3 Ngf6 5. Bxf6 Nxf6 6. c4 Bg4 7. Nc3 e6 8.
Be2 dxc4 9. Bxc4 Bd6 10. h3 Bh5 11. a4 Qa5 12. O-O Qb4 13. Qd3 O-O 14. a5 b5
15. axb6 Bxf3 16. gxf3 axb6 17. Qe2 Bc7 18. Ne4 Qe7 19. Ng3 b5 20. Bb3 h5 21.
f4 g6 22. f3 Qb4 23. Qd3 Rad8 24. Rac1 c5 25. Qc3 Qxc3 26. bxc3 c4 27. Bc2 Nd5
28. Rfe1 f5 29. Kf2 Ra8 30. Bd1 Ra2+ 31. Re2 Rfa8 32. Rxa2 Rxa2+ 33. Ne2 Ba5
34. Rb1 Nxc3 35. Rc1 b4 36. Kf1 Nxd1 37. Rxd1 b3 38. Rb1 b2 39. Nc1 bxc1=Q+ 40.
Rxc1 c3 41. e4 Rb2 42. Ke1 Rh2 43. Kd1 Rxh3 44. Ke2 Rh2+ 45. Kd3 Rb2 46. d5 Kf7
47. d6 Rd2+ 48. Kc4 Rxd6 49. Kb5 Bd8 50. Rxc3 Rd2 51. Kc6 Rd4 52. Kc5 Rd7 53.
Rb3 Rc7+ 54. Kd6 Rc4 55. Rb7+ Kf8 56. Kxe6 fxe4 57. Rf7+ Kg8 58. Rd7 Bc7 59.
Kd5 Rc1 60. Kxe4 Re1+ 61. Kd5 Rd1+ 0-1

[Event "2. Open de Primavera de Gros"]
[Site "San Sebastián ESP"]
[Date "2006.05.27"]
[Round "4.12"]
[White "Hernandez Sanchez, Iñaki"]
[Black "Tholey, Jean-Paul"]
[Result "0-1"]
[WhiteElo "1421"]
[BlackElo "2032"]
[PlyCount "108"]
[EventDate "2006.05.06"]
[EventType "swiss"]
[EventRounds "9"]
[EventCountry "ESP"]
[Source "lmi"]
[SourceDate "2006.06.18"]

1. e4 c5 2. Nf3 a6 3. a4 Nc6 4. Bc4 e6 5. Nc3 Nf6 6. d3 d5 7. exd5 exd5 8. Qe2+
Be7 9. Bb3 Bg4 10. a5 O-O 11. Qd1 d4 12. Ne4 Nxa5 13. Ba2 Nc6 14. h3 Bf5 15.
Ng3 Bd7 16. O-O Nb4 17. Bb3 Qc7 18. Re1 Bd6 19. Kh2 Nh5 20. Kg1 Bxg3 21. fxg3
Qxg3 22. Ng5 Bc6 23. Re2 Nf6 24. Rf2 Nbd5 25. Ne4 Nxe4 26. dxe4 Ne3 27. Qh5
Bxe4 28. Qe2 Rae8 29. Bd2 Bd5 30. Ra3 Bxb3 31. Rxb3 Qc7 32. Qf3 b5 33. Bxe3
Rxe3 34. Rxe3 dxe3 35. Qxe3 Rd8 36. Qf3 f6 37. Rf1 c4 38. Re1 Qc5+ 39. Kh1 Qd5
40. Qf4 Qd6 41. Qe4 g6 42. Qb7 Rd7 43. Qc8+ Kg7 44. Re8 f5 45. Rg8+ Kh6 46. Qe8
Qe7 47. Qb8 Qd6 48. Qe8 f4 49. Qe2 Qd1+ 50. Qxd1 Rxd1+ 51. Kh2 Rd2 52. Ra8 Rxc2
53. Rxa6 Rxb2 54. Rb6 f3 0-1

[Event "2. Open de Primavera de Gros"]
[Site "San Sebastián ESP"]
[Date "2006.06.03"]
[Round "5.1"]
[White "Alonso Arburu, Juan Ignacio"]
[Black "Martin Alvarez, Inigo"]
[Result "1-0"]
[WhiteElo "2361"]
[BlackElo "2092"]
[PlyCount "69"]
[EventDate "2006.05.06"]
[EventType "swiss"]
[EventRounds "9"]
[EventCountry "ESP"]
[Source "lmi"]
[SourceDate "2006.06.18"]

1. c4 e5 2. Nc3 d6 3. g3 f5 4. d4 e4 5. h4 Nf6 6. Nh3 Be7 7. Nf4 c6 8. e3 O-O
9. Be2 Na6 10. a3 Nc7 11. d5 cxd5 12. cxd5 b5 13. Kf1 Rb8 14. b4 a6 15. Kg2 Nd7
16. Bb2 Bf6 17. Qb3 Ne5 18. Rac1 Qe7 19. Nh5 Rb7 20. Qd1 Bd7 21. Nxf6+ Qxf6 22.
Qd4 Na8 23. Nb1 Nb6 24. Nd2 Qf7 25. Rhd1 Qxd5 26. Qxd5+ Nxd5 27. Nb3 Nb6 28.
Na5 Rbb8 29. Rxd6 Nf7 30. Rdd1 Be6 31. Rc6 Rfe8 32. Bd4 Na4 33. Rxa6 Bc8 34.
Rc6 Nd8 35. Rxc8 1-0

[Event "2. Open de Primavera de Gros"]
[Site "San Sebastián ESP"]
[Date "2006.06.03"]
[Round "5.2"]
[White "Pinilla Santibanez, Roberto"]
[Black "Argandoña Rivero, Iñigo"]
[Result "0-1"]
[WhiteElo "2114"]
[BlackElo "2382"]
[PlyCount "82"]
[EventDate "2006.05.06"]
[EventType "swiss"]
[EventRounds "9"]
[EventCountry "ESP"]
[Source "lmi"]
[SourceDate "2006.06.18"]

1. e4 c5 2. Nf3 d6 3. d4 cxd4 4. Nxd4 Nf6 5. Nc3 g6 6. Be3 Bg7 7. Be2 O-O 8.
Qd2 Nc6 9. f4 Nxd4 10. Bxd4 e5 11. fxe5 dxe5 12. Be3 Bg4 13. Qxd8 Rfxd8 14. Bg5
Bxe2 15. Kxe2 Rdc8 16. Rhf1 Rxc3 17. bxc3 Nxe4 18. Bd2 Rc8 19. Rab1 b6 20. Rb3
h5 21. Rf3 f5 22. Ra3 Rc7 23. Rd3 Bf6 24. Be1 Kf7 25. Rd1 Ke6 26. Rb3 Be7 27.
a4 Nc5 28. Ra3 Nb7 29. Raa1 Rc4 30. Ra2 Na5 31. Raa1 Re4+ 32. Kf3 Bc5 33. Rd3
Rg4 34. Rd2 e4+ 35. Ke2 Rxg2+ 36. Kd1 Rg1 37. Ke2 Nc4 38. Rd8 Rg2+ 39. Kd1 Be3
40. Ra2 Bg5 41. Rc8 Ne3+ 0-1

[Event "2. Open de Primavera de Gros"]
[Site "San Sebastián ESP"]
[Date "2006.06.03"]
[Round "5.3"]
[White "Zulaika Centeno, Ander"]
[Black "Darrigues, Alain"]
[Result "1-0"]
[WhiteElo "2009"]
[BlackElo "2026"]
[PlyCount "67"]
[EventDate "2006.05.06"]
[EventType "swiss"]
[EventRounds "9"]
[EventCountry "ESP"]
[Source "lmi"]
[SourceDate "2006.06.18"]

1. e4 c5 2. Nf3 Nc6 3. d4 cxd4 4. Nxd4 Nf6 5. Nc3 e5 6. Ndb5 d6 7. Bg5 a6 8.
Na3 b5 9. Nd5 Be7 10. Bxf6 Bxf6 11. c3 Bg5 12. Nc2 O-O 13. a4 bxa4 14. Rxa4 a5
15. Bc4 Rb8 16. Ra2 Kh8 17. Nce3 g6 18. h4 Bxh4 19. g3 Bg5 20. f4 exf4 21. gxf4
Bh4+ 22. Kf1 Be7 23. b4 Rg8 24. Rah2 Rg7 25. b5 Ne5 26. fxe5 dxe5 27. Ng4 f6
28. Qf3 Be6 29. Ke1 Bxd5 30. Bxd5 Rxb5 31. Rxh7+ Rxh7 32. Rxh7+ Kxh7 33. Qh3+
Kg7 34. Qh6# 1-0

[Event "2. Open de Primavera de Gros"]
[Site "San Sebastián ESP"]
[Date "2006.06.03"]
[Round "5.4"]
[White "Hernandez, Elvis"]
[Black "Kuende Gorostidi, Jon"]
[Result "1-0"]
[WhiteElo "2258"]
[BlackElo "1851"]
[PlyCount "57"]
[EventDate "2006.05.06"]
[EventType "swiss"]
[EventRounds "9"]
[EventCountry "ESP"]
[Source "lmi"]
[SourceDate "2006.06.18"]

1. e4 d6 2. d4 Nf6 3. Nc3 g6 4. f3 Bg7 5. Be3 c6 6. Qd2 h5 7. h4 Nbd7 8. O-O-O
b5 9. Kb1 b4 10. Nce2 Nb6 11. Nc1 a5 12. Nh3 Ba6 13. Bxa6 Rxa6 14. Qe2 Ra8 15.
Ng5 Qb8 16. e5 Nfd5 17. e6 Na4 18. exf7+ Kf8 19. Qd3 Nac3+ 20. Ka1 Rh6 21. Ne6+
Kxf7 22. Nxg7 Nxe3 23. Qxe3 Kxg7 24. Qxe7+ Kh8 25. Qf6+ Kg8 26. bxc3 bxc3 27.
Nd3 Ra7 28. Rb1 Qe8 29. Rhe1 1-0

[Event "2. Open de Primavera de Gros"]
[Site "San Sebastián ESP"]
[Date "2006.06.03"]
[Round "5.6"]
[White "Tung, Kai Ming"]
[Black "Garay Lenne, Luis Maria"]
[Result "1-0"]
[WhiteElo "2065"]
[BlackElo "1984"]
[PlyCount "95"]
[EventDate "2006.05.06"]
[EventType "swiss"]
[EventRounds "9"]
[EventCountry "ESP"]
[Source "lmi"]
[SourceDate "2006.06.18"]

1. e4 e5 2. Bc4 Nf6 3. d3 Nc6 4. Nf3 d6 5. Ng5 d5 6. exd5 b5 7. Bxb5 Qxd5 8.
Bxc6+ Qxc6 9. Qf3 Bb7 10. Qxc6+ Bxc6 11. f3 Nd5 12. Nc3 Be7 13. Nge4 Nb4 14.
Kd1 f5 15. Ng3 O-O 16. Re1 Bd6 17. a3 Nd5 18. Nxd5 Bxd5 19. c4 Bc6 20. Kc2 a5
21. Bd2 g6 22. Bc3 Rfe8 23. c5 Bxc5 24. Rxe5 Rxe5 25. Bxe5 Bb6 26. Bc3 Rd8 27.
b3 Kf7 28. Rd1 h5 29. a4 h4 30. Nf1 h3 31. gxh3 Bxf3 32. Re1 Bg2 33. h4 f4 34.
Nd2 f3 35. Nxf3 Rd5 36. Ng5+ Kf8 37. Nh7+ Kf7 38. Ng5+ Kf8 39. Re5 Rxe5 40.
Bxe5 Ke7 41. Kc3 c6 42. Ne4 Ke6 43. Bg3 Kd5 44. Nf6+ Ke6 45. Ng4 Kd5 46. Bf2
Bxf2 47. Nxf2 Bf3 48. Ne4 1-0

[Event "2. Open de Primavera de Gros"]
[Site "San Sebastián ESP"]
[Date "2006.06.03"]
[Round "5.7"]
[White "Galarza Cenzano, Inigo"]
[Black "Segovia Sanchez, Antonio"]
[Result "0-1"]
[WhiteElo "1997"]
[BlackElo "2058"]
[PlyCount "52"]
[EventDate "2006.05.06"]
[EventType "swiss"]
[EventRounds "9"]
[EventCountry "ESP"]
[Source "lmi"]
[SourceDate "2006.06.18"]

1. e4 d6 2. Nf3 Nf6 3. d3 g6 4. g3 Bg7 5. Bg2 O-O 6. O-O Nc6 7. Nbd2 e5 8. a4
Nh5 9. Nh4 Nf4 10. gxf4 Qxh4 11. Nf3 Qh5 12. Ng5 Qxd1 13. Rxd1 exf4 14. c3 h6
15. Nf3 g5 16. h3 f5 17. a5 a6 18. exf5 Rxf5 19. Re1 Bd7 20. Ra4 Nxa5 21. Rae4
Nc6 22. d4 Raf8 23. c4 d5 24. cxd5 Rxd5 25. Bf1 b5 26. Ne5 Nxd4 0-1

[Event "2. Open de Primavera de Gros"]
[Site "San Sebastián ESP"]
[Date "2006.06.03"]
[Round "5.8"]
[White "Tholey, Jean-Paul"]
[Black "Salterain Gonzalez, Galder"]
[Result "1-0"]
[WhiteElo "2032"]
[BlackElo "1953"]
[PlyCount "51"]
[EventDate "2006.05.06"]
[EventType "swiss"]
[EventRounds "9"]
[EventCountry "ESP"]
[Source "lmi"]
[SourceDate "2006.06.18"]

1. d4 d6 2. c4 Nf6 3. Nc3 g6 4. e4 Bg7 5. f3 O-O 6. Be3 Nbd7 7. Nge2 c5 8. Qd2
b6 9. g4 cxd4 10. Nxd4 Ne5 11. Be2 Bb7 12. g5 Nfd7 13. f4 Nc6 14. Bf3 Rc8 15.
b3 Nc5 16. Rd1 a6 17. h4 Nxd4 18. Bxd4 Qc7 19. Bxg7 Kxg7 20. Nd5 Qd8 21. h5 e5
22. Nf6 Rh8 23. h6+ Kf8 24. fxe5 Ke7 25. exd6+ Kf8 26. Qd4 1-0

[Event "2. Open de Primavera de Gros"]
[Site "San Sebastián ESP"]
[Date "2006.06.10"]
[Round "6.1"]
[White "Argandoña Rivero, Iñigo"]
[Black "Alonso Arburu, Juan Ignacio"]
[Result "1/2-1/2"]
[WhiteElo "2382"]
[BlackElo "2361"]
[PlyCount "54"]
[EventDate "2006.05.06"]
[EventType "swiss"]
[EventRounds "9"]
[EventCountry "ESP"]
[Source "lmi"]
[SourceDate "2006.06.18"]

1. d4 Nf6 2. Bg5 e6 3. e4 h6 4. Bxf6 Qxf6 5. c3 d5 6. e5 Qd8 7. Nf3 c5 8. Be2
Qb6 9. Qd2 Nc6 10. O-O cxd4 11. cxd4 Bd7 12. Nc3 Rc8 13. Rac1 Bb4 14. a3 Bxc3
15. Rxc3 O-O 16. Rfc1 a5 17. Rc5 Na7 18. R1c3 Rc6 19. Rxc6 Nxc6 20. Rc5 Qc7 21.
Bb5 b6 22. Rc3 Rc8 23. Bxc6 Bxc6 24. Qc2 Qb7 25. h3 Bd7 26. Rxc8+ Qxc8 27.
Qxc8+ Bxc8 1/2-1/2

[Event "2. Open de Primavera de Gros"]
[Site "San Sebastián ESP"]
[Date "2006.06.10"]
[Round "6.2"]
[White "Pinilla Santibanez, Roberto"]
[Black "Zulaika Centeno, Ander"]
[Result "1/2-1/2"]
[WhiteElo "2114"]
[BlackElo "2009"]
[PlyCount "61"]
[EventDate "2006.05.06"]
[EventType "swiss"]
[EventRounds "9"]
[EventCountry "ESP"]
[Source "lmi"]
[SourceDate "2006.06.18"]

1. e4 d5 2. exd5 Qxd5 3. Nf3 Nf6 4. d4 c6 5. c4 Qd8 6. Nc3 Bf5 7. Be2 e6 8. Ne5
h6 9. O-O Nbd7 10. f4 Be7 11. Be3 Qc7 12. Bf3 Rd8 13. Qe2 O-O 14. Rac1 Qb8 15.
Qf2 c5 16. Nxd7 Rxd7 17. h3 cxd4 18. Bxd4 b6 19. Be3 Rfd8 20. Rfe1 Rd3 21. Kh1
Bc5 22. Bxc5 bxc5 23. Qxc5 Qxf4 24. Qe5 Rxf3 25. gxf3 Qxf3+ 26. Kg1 Bxh3 27.
Re2 Rd4 28. Qxd4 Qg3+ 29. Kh1 Qf3+ 30. Kg1 Qg3+ 31. Kh1 1/2-1/2

[Event "2. Open de Primavera de Gros"]
[Site "San Sebastián ESP"]
[Date "2006.06.10"]
[Round "6.3"]
[White "Segovia Sanchez, Antonio"]
[Black "Hernandez, Elvis"]
[Result "0-1"]
[WhiteElo "2058"]
[BlackElo "2258"]
[PlyCount "50"]
[EventDate "2006.05.06"]
[EventType "swiss"]
[EventRounds "9"]
[EventCountry "ESP"]
[Source "lmi"]
[SourceDate "2006.06.18"]

1. d4 d5 2. Nf3 Bg4 3. Ne5 Bh5 4. g3 Nd7 5. Nd3 e6 6. Bg2 Ngf6 7. Nd2 Bd6 8.
O-O O-O 9. f3 c5 10. e3 Qb6 11. c3 Bg6 12. Nf2 e5 13. dxe5 Nxe5 14. e4 dxe4 15.
Ndxe4 Nxe4 16. fxe4 Rad8 17. Qe2 c4 18. Be3 Bc5 19. Bxc5 Qxc5 20. Kh1 Rd6 21.
Rad1 Rfd8 22. Rd5 Rxd5 23. exd5 Rxd5 24. Ne4 Qa5 25. Nd2 Bd3 0-1

[Event "2. Open de Primavera de Gros"]
[Site "San Sebastián ESP"]
[Date "2006.06.10"]
[Round "6.4"]
[White "Martin Alvarez, Inigo"]
[Black "Tholey, Jean-Paul"]
[Result "0-1"]
[WhiteElo "2092"]
[BlackElo "2032"]
[PlyCount "130"]
[EventDate "2006.05.06"]
[EventType "swiss"]
[EventRounds "9"]
[EventCountry "ESP"]
[Source "lmi"]
[SourceDate "2006.06.18"]

1. e4 e6 2. d3 d5 3. Nd2 c5 4. Ngf3 Nc6 5. g3 Nf6 6. Bg2 Bd6 7. O-O O-O 8. Re1
Qc7 9. Qe2 dxe4 10. dxe4 e5 11. c3 Rd8 12. Nc4 Be7 13. a4 Ne8 14. Be3 f6 15.
Bf1 Be6 16. Qc2 Rd7 17. Rad1 Rad8 18. Bc1 Na5 19. Rxd7 Rxd7 20. Nfd2 Nxc4 21.
Bxc4 Bxc4 22. Nxc4 Qd8 23. Ne3 Kh8 24. b3 Nc7 25. Rd1 a6 26. Rxd7 Qxd7 27. Qd2
Qe8 28. Nd5 Ne6 29. Ba3 Bf8 30. Qd3 b5 31. Bb2 Qc6 32. axb5 axb5 33. Ne3 b4 34.
cxb4 cxb4 35. f3 Bc5 36. Kf1 Bxe3 37. Qxe3 Qc2 38. Qc1 Qxc1+ 39. Bxc1 Nd4 40.
Bd2 Nxf3 41. Bxb4 Nd4 42. Kf2 Nxb3 43. Ke3 Nd4 44. Bc3 Ne6 45. Ke2 g6 46. Kf3
Kg7 47. Ke3 Kf7 48. g4 Ke7 49. h4 Nf4 50. Kf3 h5 51. gxh5 Nxh5 52. Bb4+ Kd7 53.
Bf8 Kc6 54. Kg4 Kb5 55. Be7 Kc4 56. Bd8 Kd4 57. Kf3 Kd3 58. Bb6 f5 59. exf5
gxf5 60. Kf2 Ke4 61. Bd8 f4 62. Bc7 Kf5 63. Bd8 e4 64. Bg5 Kg4 65. Kg2 Ng7 0-1

[Event "2. Open de Primavera de Gros"]
[Site "San Sebastián ESP"]
[Date "2006.06.10"]
[Round "6.5"]
[White "Lakunza Plazaola, Asier"]
[Black "Tung, Kai Ming"]
[Result "1-0"]
[WhiteElo "1923"]
[BlackElo "2065"]
[PlyCount "131"]
[EventDate "2006.05.06"]
[EventType "swiss"]
[EventRounds "9"]
[EventCountry "ESP"]
[Source "lmi"]
[SourceDate "2006.06.18"]

1. e4 e6 2. d4 b6 3. Bd3 Bb7 4. Ne2 Nf6 5. Bg5 Bb4+ 6. c3 Be7 7. Nd2 d6 8. O-O
Nbd7 9. Ng3 h5 10. Nf3 Ng8 11. Bxe7 Qxe7 12. a4 a5 13. Re1 Ngf6 14. Qc2 h4 15.
Nf5 Qf8 16. e5 dxe5 17. Nxe5 O-O-O 18. Ne3 Rh5 19. N3c4 Rg5 20. f3 Nd5 21. Nxd7
Rxd7 22. Re5 f5 23. Qd2 Qf6 24. Rae1 Re7 25. Rxe6 Rxe6 26. Rxe6 Qxe6 27. Qxg5
Qe1+ 28. Bf1 f4 29. Qe5 Qxe5 30. Nxe5 Ne3 31. Be2 Bd5 32. Ng6 h3 33. gxh3 Bb3
34. Nxf4 Bxa4 35. Ne6 g6 36. Nf4 Be8 37. Kf2 Nf5 38. Bd3 Ne7 39. Kg3 c5 40.
dxc5 bxc5 41. Ne6 Kd7 42. Nxc5+ Kd6 43. Nb7+ Ke5 44. Nxa5 g5 45. Nc4+ Kf6 46.
Be4 Bf7 47. Ne3 Bb3 48. c4 Ke5 49. Bc2 Ba2 50. b3 Kd4 51. Nf5+ Nxf5+ 52. Bxf5
Bxb3 53. Be6 Ke5 54. Bd5 Kf5 55. h4 Ba2 56. hxg5 Kxg5 57. h4+ Kg6 58. Kf4 Kf6
59. h5 Bb3 60. h6 Kg6 61. Ke5 Kxh6 62. Kd6 Kg7 63. c5 Bc2 64. c6 Kf6 65. c7 Bf5
66. Bb7 1-0

[Event "2. Open de Primavera de Gros"]
[Site "San Sebastián ESP"]
[Date "2006.06.10"]
[Round "6.6"]
[White "Ladron de Guevara, Francisco Javier"]
[Black "Kuende Gorostidi, Jon"]
[Result "1/2-1/2"]
[WhiteElo "2104"]
[BlackElo "1851"]
[PlyCount "64"]
[EventDate "2006.05.06"]
[EventType "swiss"]
[EventRounds "9"]
[EventCountry "ESP"]
[Source "lmi"]
[SourceDate "2006.06.18"]

1. d4 d5 2. c4 c6 3. Nc3 Nf6 4. e3 Bf5 5. cxd5 cxd5 6. Qb3 Bc8 7. Nf3 e6 8. Bd3
Nc6 9. O-O Bd6 10. Bd2 O-O 11. Rac1 a6 12. e4 dxe4 13. Nxe4 Nxe4 14. Bxe4 Bd7
15. Qxb7 Ra7 16. Qb3 Ne7 17. Ne5 Bb5 18. Nc4 Bb8 19. Rfe1 Nd5 20. a4 Bc6 21.
Ne5 Ba8 22. Nc6 Qd6 23. Qh3 f5 24. Bxd5 Qxd5 25. Nxa7 Bxa7 26. Red1 Bb7 27. Bg5
f4 28. Be7 Rf5 29. Bc5 Bb8 30. f3 Rh5 31. Qg4 Rg5 32. Qh3 Rh5 1/2-1/2

[Event "2. Open de Primavera de Gros"]
[Site "San Sebastián ESP"]
[Date "2006.06.10"]
[Round "6.7"]
[White "Iglesias Gonzalez, Veronica"]
[Black "Manso Marquez, Felix"]
[Result "0-1"]
[WhiteElo "1746"]
[BlackElo "2098"]
[PlyCount "116"]
[EventDate "2006.05.06"]
[EventType "swiss"]
[EventRounds "9"]
[EventCountry "ESP"]
[Source "lmi"]
[SourceDate "2006.06.18"]

1. e4 c5 2. Nc3 Nc6 3. Nf3 e6 4. Bb5 Nge7 5. e5 Qc7 6. Qe2 a6 7. Bxc6 Nxc6 8.
d3 b5 9. Bf4 Bb7 10. a3 Rc8 11. Bg3 Nd4 12. Nxd4 cxd4 13. Ne4 Qxc2 14. Qxc2
Rxc2 15. O-O Bxe4 16. dxe4 Bc5 17. Rac1 Rc4 18. Rxc4 bxc4 19. Rc1 c3 20. bxc3
Bxa3 21. Ra1 Bb2 22. Rxa6 Ke7 23. cxd4 Rc8 24. Bh4+ Ke8 25. g4 Bxd4 26. Bg3 h6
27. Kg2 Rc5 28. Ra8+ Ke7 29. Rg8 Bxe5 30. Bxe5 Rxe5 31. Rxg7 Kf6 32. Rh7 Kg6
33. Rh8 Rxe4 34. Kf3 d5 35. h4 Kg7 36. Rd8 h5 37. gxh5 Rxh4 38. Rd7 Rxh5 39.
Ke3 Kf6 40. f3 Rh4 41. Kd3 Rf4 42. Ke3 Ke5 43. Ra7 f5 44. Ra5 Rb4 45. Ra6 f4+
46. Ke2 Rb2+ 47. Ke1 Kf5 48. Ra5 Rb6 49. Kf2 Rd6 50. Ke2 e5 51. Kd3 Ke6 52. Rc5
Ra6 53. Ke2 e4 54. fxe4 dxe4 55. Rh5 Ra2+ 56. Ke1 e3 57. Rb5 f3 58. Rb1 Rh2 0-1